| 000 | 03602nam a22004338i 4500 | ||
|---|---|---|---|
| 001 | BDZ0054439321 | ||
| 003 | StDuBDS | ||
| 005 | 20231227165618.0 | ||
| 006 | m|||||o||d|||||||| | ||
| 007 | cr ||||||||||| | ||
| 008 | 231118s2023 nju o 000|0|eng|d | ||
| 020 |
_a9781394198788 (ePub ebook) : _c26.99 |
||
| 040 |
_aStDuBDS _beng _erda _epn _cStDuBDS _dStDuBDSZ |
||
| 050 | 4 |
_aTK5105.8864 _b.D6 2023 |
|
| 072 | 7 |
_aDGL _2ukslc |
|
| 072 | 7 |
_aUG _2bicssc |
|
| 072 | 7 |
_aTN _2bicssc |
|
| 072 | 7 |
_aUG _2thema |
|
| 072 | 7 |
_aTN _2thema |
|
| 082 | 0 | 4 |
_a006.8 _223 |
| 100 | 1 |
_aDoherty, Paul, _eauthor. |
|
| 245 | 1 | 0 |
_aUnlocking the metaverse _h[electronic resource] : _ba strategic guide for the future of the built environment / _cPaul Doherty. |
| 264 | 1 |
_aHoboken : _bJohn Wiley & Sons, Inc., _c2023. |
|
| 300 | _a1 online resource (144 pages) | ||
| 336 |
_atext _2rdacontent |
||
| 337 |
_acomputer _2rdamedia |
||
| 338 |
_aonline resource _2rdacarrier |
||
| 366 |
_b20231110 _cIn stock |
||
| 520 | 8 |
_a'Unlocking the Metaverse' focuses on the strategic and implementation of processes and execution of Metaverse strategies, technologies and innovations and provides readers with real world tools and strategies to succeed with market demands. _bUnlocking the Metaverse Highly comprehensive resource providing insight into how the "Metaverse," and digital worlds in general, can be leveraged for business success Unlocking the Metaverse focuses on the strategic implementation of processes and the execution of Metaverse strategies, technologies, and innovations and provides readers with real world tools and strategies to succeed with market demands. The text provides a clear and concise description of what the Metaverse is and what its value means to readers and their companies. A continuous interaction with readers inside the book's virtual world in the Metaverse provides both structured and unstructured interactions with the highly qualified author and his guests in periodic and ongoing public events, serving as a repository of continuous learning and a sandbox for continuous innovations to be explored, analyzed, and reported. Unlocking the Metaverse covers sample topics such as: Construction documents and drawings, covering building information modeling (BIM), digital twins, virtual worlds, the metaverse, and level of experience/engagement measures Specifications changing role, covering specification manuals, lifecycle, 3D geolocation specs, and 3D search Smart contracts and tokenomics, DLT/blockchain, smart contracts, NFTs/FTs (digital building/digital asset), fractionalized ownership and digital real estate, and CBDCs, stablecoins, and crypto Future outlooks, covering machine learning and artificial intelligence (AI) as a whole, and its probable applications in gaming and robotics Providing authoritative coverage of an important and fast-evolving industry, Unlocking the Metaverse is an essential resource for architects, engineers, and contractors, facility managers and operators, and property owners who want to stay on the cutting edge of new forms of technology and leverage them to increase business success. |
|
| 588 | _aDescription based on CIP data; resource not viewed. | ||
| 650 | 0 | _aEBOOK | |
| 650 | 0 | _aBUILDING INFORMATION MODELLING | |
| 650 | 7 | _aBUILT ENVIRONMENT | |
| 650 | 0 | _aDIGITAL TWINS | |
| 650 | 0 | _aNFTs (Tokens) | |
| 776 | 0 | 8 |
_iPrint version : _z9781394198764 |
| 856 | 4 | 0 |
_uhttps://www.vlebooks.com/product/openreader?id=RICS&accId=9491556&isbn=9781394198788 _zAvailable on VLeBooks (email [email protected] for a login) |
| 942 | _2ddc | ||
| 999 |
_c121752 _d121752 |
||